Online katalóg knižníc regiónu Turca

O troch prasiatkach (Record no. 21516)

MARC details
000 -LEADER
fixed length control field 01576cam a2200457 a 4500
001 - CONTROL NUMBER
control field 21516
003 - CONTROL NUMBER IDENTIFIER
control field VRT
005 - DATE AND TIME OF LATEST TRANSACTION
control field 20260303144315.0
008 - FIXED-LENGTH DATA ELEMENTS--GENERAL INFORMATION
fixed length control field 200104s2011 xo a c 000 0 slo
015 ## - NATIONAL BIBLIOGRAPHY NUMBER
National bibliography number SNBA2012/02-00971
020 ## - INTERNATIONAL STANDARD BOOK NUMBER
International Standard Book Number 9788080895457
Qualifying information (viaz.)
035 ## - SYSTEM CONTROL NUMBER
System control number urn:nbn:sk:snk-am00cz9f
035 ## - SYSTEM CONTROL NUMBER
System control number urn:nbn:sk:snk-am3hg9b
035 ## - SYSTEM CONTROL NUMBER
System control number F18E4320-70BD-4710-B461-D29F31020168
039 #9 - LEVEL OF BIBLIOGRAPHIC CONTROL AND CODING DETAIL [OBSOLETE]
Level of rules in bibliographic description 202001041113
Level of effort used to assign nonsubject heading access points VLOAD
Level of effort used to assign subject headings 201709111336
Level of effort used to assign classification VLOAD
Level of effort used to assign subject headings 201209261148
Level of effort used to assign classification msllk01
Level of effort used to assign subject headings 201204190933
Level of effort used to assign classification msnk38
040 ## - CATALOGING SOURCE
Original cataloging agency VTHK
Language of cataloging slo
Transcribing agency VTHK
Modifying agency SNK
Description conventions AACR2
041 0# - LANGUAGE CODE
Language code of text/sound track or separate title slo
044 ## - COUNTRY OF PUBLISHING/PRODUCING ENTITY CODE
MARC country code xo
ISO country code SK
072 #7 - SUBJECT CATEGORY CODE
Subject category code 821-93
Subject category code subdivision Literatúra pre deti a mládež (beletria)
Source konspekt
080 ## - UNIVERSAL DECIMAL CLASSIFICATION NUMBER
Universal Decimal Classification number 821-93
Edition identifier 2001
080 ## - UNIVERSAL DECIMAL CLASSIFICATION NUMBER
Universal Decimal Classification number (0.025.2)
Edition identifier 2001
100 1# - MAIN ENTRY--PERSONAL NAME
Personal name Pechová, Ladislava
Relationship aut
-- ill
245 10 - TITLE STATEMENT
Title O troch prasiatkach
Statement of responsibility, etc. [text a ilustrácie:] Ladislava Pechová
250 ## - EDITION STATEMENT
Edition statement 1. slov. vyd.
260 ## - PUBLICATION, DISTRIBUTION, ETC.
Place of publication, distribution, etc. Bratislava
Name of publisher, distributor, etc. Fragment
Date of publication, distribution, etc. 2011
300 ## - PHYSICAL DESCRIPTION
Extent [10] s.
Other physical details fareb. ilustr.
Dimensions 15x22 cm
490 1# - SERIES STATEMENT
Series statement Čítanie pre radosť a poučenie
500 ## - GENERAL NOTE
General note Náz. z obalu
521 1# - TARGET AUDIENCE NOTE
Target audience note Pre deti od 2 rokov
655 #7 - INDEX TERM--GENRE/FORM
Genre/form data or focus term publikácie pre deti
Source of term SNKPH
655 #7 - INDEX TERM--GENRE/FORM
Genre/form data or focus term leporelá
Source of term SNKPH
655 #7 - INDEX TERM--GENRE/FORM
Genre/form data or focus term Picture books for children
Source of term SNKPHeng
655 #7 - INDEX TERM--GENRE/FORM
Genre/form data or focus term Children's literature
Source of term SNKPHeng
830 #0 - SERIES ADDED ENTRY--UNIFORM TITLE
Uniform title Čítanie pre radosť a poučenie
942 ## - ADDED ENTRY ELEMENTS (KOHA)
Source of classification or shelving scheme Dewey Decimal Classification
Koha item type Krásna literatúra pre deti
Suppress in OPAC No
949 ## - LOCAL PROCESSING INFORMATION (OCLC)
6 17A0795848
a snkSE 12291
b snk2012/926
o 2876/11
s 6100:20170927
949 ## - LOCAL PROCESSING INFORMATION (OCLC)
6 17A0795850
a snkSE 12291 D1
b snk2012/927
o 2876/11
980 ## - EQUIVALENCE OR CROSS-REFERENCE-SERIES STATEMENT--PERSONAL NAME/TITLE [LOCAL, CANADA]
Personal name 087.5
980 ## - EQUIVALENCE OR CROSS-REFERENCE-SERIES STATEMENT--PERSONAL NAME/TITLE [LOCAL, CANADA]
Personal name (084)
Holdings
Stav vyradenia Strata Poškodenie Spôsob nadobudnutia Domovská knižnica Aktuálna knižnica Dátum nadobudnutia Total checkouts Čiarový kód exemplára Date last seen Typ exemplára
      Dar Obecná knižnica Horná Štubňa Obecná knižnica Horná Štubňa 03.03.2026   9788080895457 03.03.2026 Krásna literatúra pre deti
Projekt je podporený Slovenskou asociáciou knižníc
Prevádzkuje Turčianska knižnica Martin 2026